| 000 | 01149cam a22003377a 4500 | ||
|---|---|---|---|
| 003 | CHAP | ||
| 005 | 20220329141605.0 | ||
| 008 | 971013s1982 r 00010 d | ||
| 010 | _a70621 | ||
| 011 | _a71593 | ||
| 035 | _a81147 | ||
| 040 | _cCHAP | ||
| 090 | _aFolleto 8627 | ||
| 100 | 0 | 0 |
_aBaletka, Arturo D. _99689 |
| 245 | 0 | _aEvaluación de cultivares comerciales de sorgo granífero frenta a pulgón verde de los cereales (Schizaphis graminun Road.) | |
| 260 |
_aManfredi, Arg. : _bEstación Experimental Agropecuaria Manfredi, _c1982 |
||
| 300 | _a8 p. | ||
| 490 | 0 |
_aDivulgación técnica _v; 8 |
|
| 590 |
_aBATCH-UPD _b10 _c20130110 _lUCH01 _h0501 |
||
| 590 |
_aBATCH-UPD _b10 _c20130110 _lUCH01 _h2304 |
||
| 590 |
_aBATCH-UPD _b10 _c20130410 _lUCH01 _h1556 |
||
| 590 |
_aBATCH-UPD _b10 _c20130914 _lUCH01 _h2118 |
||
| 590 |
_aCONVERSION _b10 _c20130109 _lUCH01 _h1339 |
||
| 650 | 1 | 4 |
_aSchizaphis graminun. _9103020 |
| 650 | 1 | 4 |
_aSorgo _xPlagas. _9108704 |
| 700 | 0 |
_aCastellano, Susana R. _919985 |
|
| 830 | 0 |
_aDivulgación técnica _v; 8 _933043 |
|
| 901 | _aBK | ||
| 942 | _cFOLL | ||
| 949 |
_aFolleto 8327 _bBC _cFOLL _d-34332 _eTS1 _i81147 _si |
||
| 999 |
_c70621 _d70621 |
||